[Event "34ème Open International d'Avoine"]
[Site "AVOINE"]
[Date "2019.07.20"]
[Round "5.1"]
[White "Eden, James"]
[Black "Vedmediuc, Serghei"]
[Result "1-0"]
[WhiteElo "2343"]
[BlackElo "2450"]
[PlyCount "79"]
[EventDate "2019.??.??"]
[WhiteTeam "U.S.Villejuif Echecs"]
[BlackTeam "Mulhouse Philidor"]

1. e4 {[%emt 0:00:02]} c5 {[%emt 0:00:00]} 2. Nf3 {[%emt 0:00:00]} Nc6 {
[%emt 0:00:00]} 3. c3 {[%emt 0:00:00]} e6 {[%emt 0:09:23]} 4. d4 {
[%emt 0:03:56]} d5 {[%emt 0:00:11]} 5. exd5 {[%emt 0:00:43]} exd5 {
[%emt 0:00:04]} 6. Bb5 {[%emt 0:01:02]} Bd6 {[%emt 0:00:46]} 7. dxc5 {
[%emt 0:02:39]} Bxc5 {[%emt 0:00:04]} 8. O-O {[%emt 0:02:00]} Nge7 {
[%emt 0:06:46]} 9. Nbd2 {[%emt 0:02:49]} O-O {[%emt 0:01:43]} 10. Nb3 {
[%emt 0:13:49]} Bb6 {[%emt 0:01:44]} 11. Bf4 {[%emt 0:00:00]} Ng6 {
[%emt 0:03:06]} 12. Bg3 {[%emt 0:02:27]} f5 {[%emt 0:01:18]} 13. Bxc6 {
[%emt 0:01:58]} bxc6 {[%emt 0:01:43]} 14. Be5 {[%emt 0:00:43]} Ba6 {
[%emt 0:31:37]} 15. Re1 {[%emt 0:01:41]} Nxe5 {[%emt 0:00:02]} 16. Nxe5 {
[%emt 0:01:13]} Qd6 {[%emt 0:03:03]} 17. Nd4 {[%emt 0:04:56]} c5 {
[%emt 0:01:07]} 18. Ndf3 {[%emt 0:04:23]} Rad8 {[%emt 0:07:13]} 19. Qa4 {
[%emt 0:19:44]} Bb7 {[%emt 0:00:10]} 20. Rad1 {[%emt 0:00:21]} f4 {
[%emt 0:03:13]} 21. Nc4 {[%emt 0:00:00]} Qg6 {[%emt 0:04:14]} 22. Nxb6 {
[%emt 0:02:17]} axb6 {[%emt 0:01:08]} 23. Re7 {[%emt 0:01:17]} Bc6 {
[%emt 0:08:07]} 24. Qb3 {[%emt 0:00:35]} c4 {[%emt 0:02:35]} 25. Qxb6 {
[%emt 0:01:08]} d4 {[%emt 0:00:15]} 26. Rxd4 {[%emt 0:01:41]} Rb8 {
[%emt 0:04:07]} 27. Qa6 {[%emt 0:00:55]} Rxb2 {[%emt 0:00:19]} 28. h3 {
[%emt 0:06:09]} h6 {[%emt 0:04:40]} 29. Qxc4+ {[%emt 0:02:27]} Kh8 {
[%emt 0:00:00]} 30. Re6 {[%emt 0:02:26]} Qb1+ {[%emt 0:00:02]} 31. Re1 {
[%emt 0:00:35]} Qg6 {[%emt 0:00:06]} 32. Rxf4 {[%emt 0:01:05]} Rxf4 {
[%emt 0:00:01]} 33. Qxf4 {[%emt 0:00:10]} Rxa2 {[%emt 0:00:03]} 34. Nh4 {
[%emt 0:01:50]} Qc2 {[%emt 0:01:17]} 35. Re7 {[%emt 0:04:52]} Ra1+ {
[%emt 0:00:37]} 36. Kh2 {[%emt 0:00:09]} Qxc3 {[%emt 0:00:02]} 37. Ng6+ {
[%emt 0:04:05]} Kg8 {[%emt 0:00:14]} 38. Qf8+ {[%emt 0:00:37]} Kh7 {
[%emt 0:00:16]} 39. Qf5 {[%emt 0:01:00]} Kg8 {[%emt 0:00:34]} 40. Ne5 {
1-0 (40) Eden,J (2343)-Vedmediuc,S (2450) Avoine, France 2019 [%emt 0:00:31]}
1-0

[Event "34ème Open International d'Avoine"]
[Site "AVOINE"]
[Date "2019.07.20"]
[Round "5.2"]
[White "Ollier, Pablo"]
[Black "Deslandes, Pascal"]
[Result "1/2-1/2"]
[WhiteElo "2381"]
[BlackElo "2341"]
[PlyCount "75"]
[EventDate "2019.??.??"]
[WhiteTeam "Echiquier Médocain"]
[BlackTeam "Club d'Echecs du Vesinet"]

1. d4 {[%emt 0:00:05]} Nf6 {[%emt 0:00:00]} 2. c4 {[%emt 0:00:00]} g6 {
[%emt 0:00:00]} 3. Nc3 {[%emt 0:00:00]} Bg7 {[%emt 0:00:00]} 4. e4 {
[%emt 0:00:00]} d6 {[%emt 0:00:00]} 5. Nf3 {[%emt 0:00:00]} O-O {[%emt 0:00:00]
} 6. Be2 {[%emt 0:00:00]} e5 {[%emt 0:00:00]} 7. d5 {[%emt 0:00:00]} Na6 {
[%emt 0:00:00]} 8. Bg5 {[%emt 0:00:00]} h6 {[%emt 0:00:00]} 9. Bh4 {
[%emt 0:00:00]} g5 {[%emt 0:00:00]} 10. Bg3 {[%emt 0:00:00]} Nxe4 {
[%emt 0:00:00]} 11. Nxe4 {[%emt 0:00:00]} f5 {[%emt 0:00:00]} 12. Nfd2 {
[%emt 0:00:00]} fxe4 {[%emt 0:00:00]} 13. Nxe4 {[%emt 0:00:47]} Bf5 {
[%emt 0:01:13]} 14. Bd3 {[%emt 0:08:10]} g4 {[%emt 0:04:00]} 15. Qe2 {
[%emt 0:03:06]} Kh8 {[%emt 0:15:43]} 16. a3 {[%emt 0:03:43]} c6 {[%emt 0:06:56]
} 17. O-O {[%emt 0:09:29]} Nc7 {[%emt 0:16:23]} 18. c5 {[%emt 0:00:00]} cxd5 {
[%emt 0:13:47]} 19. Nxd6 {[%emt 0:00:19]} e4 {[%emt 0:01:14]} 20. Nxf5 {
[%emt 0:11:28]} Rxf5 {[%emt 0:00:19]} 21. Qxg4 {[%emt 0:04:33]} Rg5 {
[%emt 0:02:39]} 22. Qf4 {[%emt 0:00:45]} Ne6 {[%emt 0:02:42]} 23. Qf7 {
[%emt 0:00:00]} Nxc5 {[%emt 0:02:28]} 24. Be2 {[%emt 0:01:29]} d4 {
[%emt 0:04:14]} 25. h4 {[%emt 0:14:28]} Rxg3 {[%emt 0:01:34]} 26. fxg3 {
[%emt 0:00:07]} d3 {[%emt 0:00:47]} 27. Bg4 {[%emt 0:01:15]} Qd6 {
[%emt 0:00:40]} 28. Rf4 {[%emt 0:09:59]} Rf8 {[%emt 0:02:03]} 29. Qh5 {
[%emt 0:00:06]} Rxf4 {[%emt 0:08:12]} 30. gxf4 {[%emt 0:00:06]} Qxf4 {
[%emt 0:00:51]} 31. Kh1 {[%emt 0:04:12]} e3 {[%emt 0:10:00]} 32. Bf5 {
[%emt 0:05:07]} Kg8 {[%emt 0:00:54]} 33. Qe8+ {[%emt 0:02:29]} Bf8 {
[%emt 0:00:05]} 34. Qg6+ {[%emt 0:00:21]} Bg7 {[%emt 0:00:27]} 35. Qe8+ {
[%emt 0:02:12]} Bf8 {[%emt 0:00:05]} 36. Qg6+ {[%emt 0:00:09]} Bg7 {
[%emt 0:00:00]} 37. Kg1 {[%emt 0:09:49]} Kh8 {[%emt 0:00:15]} 38. Qh5 {
Ollier,P (2381)-Deslandes,P (2341) Avoine, France 2019 [%emt 0:00:07]} 1/2-1/2

[Event "34ème Open International d'Avoine"]
[Site "AVOINE"]
[Date "2019.07.20"]
[Round "5.3"]
[White "Heurtebize, Olivier"]
[Black "Mullon, Jean-Baptiste"]
[Result "0-1"]
[WhiteElo "2298"]
[BlackElo "2378"]
[PlyCount "64"]
[EventDate "2019.??.??"]
[WhiteTeam "Echiquier Tourangeau"]
[BlackTeam "Echiquier Agenais"]

1. d4 {[%emt 0:00:05]} d5 {[%emt 0:00:00]} 2. c4 {[%emt 0:00:00]} c6 {
[%emt 0:00:00]} 3. Nc3 {[%emt 0:00:00]} Nf6 {[%emt 0:00:00]} 4. Nf3 {
[%emt 0:00:00]} e6 {[%emt 0:00:00]} 5. g3 {[%emt 0:00:00]} dxc4 {[%emt 0:00:00]
} 6. Bg2 {[%emt 0:00:00]} b5 {[%emt 0:00:00]} 7. a4 {[%emt 0:00:00]} b4 {
[%emt 0:04:57]} 8. Nb1 {[%emt 0:00:27]} Nbd7 {[%emt 0:04:53]} 9. Qc2 {
[%emt 0:01:38]} Ba6 {[%emt 0:00:00]} 10. Bg5 {[%emt 0:06:05]} Rc8 {
[%emt 0:11:08]} 11. Ne5 {[%emt 0:00:23]} Nxe5 {[%emt 0:05:42]} 12. dxe5 {
[%emt 0:00:28]} h6 {[%emt 0:00:01]} 13. Be3 {[%emt 0:07:31]} Nd5 {
[%emt 0:07:14]} 14. Nd2 {[%emt 0:20:05]} Nxe3 {[%emt 0:06:00]} 15. fxe3 {
[%emt 0:02:24]} c3 {[%emt 0:12:33]} 16. bxc3 {[%emt 0:01:16]} Qa5 {
[%emt 0:00:33]} 17. Kf2 {[%emt 0:12:19]} bxc3 {[%emt 0:05:43]} 18. Ne4 {
[%emt 0:00:57]} Qxe5 {[%emt 0:00:15]} 19. Nxc3 {[%emt 0:00:46]} Be7 {
[%emt 0:00:00]} 20. Rhd1 {[%emt 0:03:41]} O-O {[%emt 0:00:26]} 21. Rac1 {
[%emt 0:02:24]} Rfd8 {[%emt 0:03:38]} 22. Rxd8+ {[%emt 0:06:36]} Rxd8 {
[%emt 0:04:17]} 23. Qe4 {[%emt 0:01:08]} Qa5 {[%emt 0:06:42]} 24. Qxc6 {
[%emt 0:04:28]} Rc8 {[%emt 0:03:30]} 25. Qd7 {[%emt 0:02:47]} Ba3 {
[%emt 0:10:09]} 26. Nd5 {[%emt 0:03:06]} Rxc1 {[%emt 0:00:23]} 27. Qe8+ {
[%emt 0:00:10]} Kh7 {[%emt 0:00:59]} 28. Be4+ {[%emt 0:00:22]} f5 {
[%emt 0:00:06]} 29. Nf6+ {[%emt 0:00:50]} gxf6 {[%emt 0:00:00]} 30. Qf7+ {
[%emt 0:00:11]} Kh8 {[%emt 0:00:02]} 31. Qxf6+ {[%emt 0:00:00]} Kg8 {
[%emt 0:00:24]} 32. Qxe6+ {[%emt 0:00:22]} Kg7 {
0-1 (32) Heurtebize,O (2298)-Mullon,J (2378) Avoine, France 2019 [%emt 0:01:43]
} 0-1

[Event "34ème Open International d'Avoine"]
[Site "AVOINE"]
[Date "2019.07.20"]
[Round "5.4"]
[White "Stephan, Victor"]
[Black "Bonn, Thomas"]
[Result "1-0"]
[WhiteElo "2358"]
[BlackElo "2272"]
[PlyCount "124"]
[EventDate "2019.??.??"]
[WhiteTeam "C'Chartres Echecs"]
[BlackTeam "Poitiers-Migne Echecs"]

1. d4 {[%emt 21:46:10]} d5 {[%emt 0:00:00]} 2. c4 {[%emt 0:00:00]} c6 {
[%emt 0:00:00]} 3. Nf3 {[%emt 0:00:00]} Nf6 {[%emt 0:00:00]} 4. e3 {
[%emt 0:00:00]} g6 {[%emt 0:00:00]} 5. Nc3 {[%emt 0:00:00]} Bg7 {[%emt 0:00:00]
} 6. Be2 {[%emt 0:00:00]} O-O {[%emt 0:00:00]} 7. O-O {[%emt 0:00:00]} a6 {
[%emt 0:00:00]} 8. a4 {[%emt 0:00:00]} a5 {[%emt 0:00:00]} 9. Ne5 {
[%emt 0:04:52]} e6 {[%emt 0:01:58]} 10. c5 {[%emt 0:04:03]} b6 {[%emt 0:09:37]}
11. cxb6 {[%emt 0:05:41]} Nfd7 {[%emt 0:08:40]} 12. f4 {[%emt 0:07:03]} f6 {
[%emt 0:07:01]} 13. Nd3 {[%emt 0:00:00]} Qxb6 {[%emt 0:26:54]} 14. h4 {
[%emt 0:04:52]} c5 {[%emt 0:11:05]} 15. Nb5 {[%emt 0:03:27]} Nc6 {
[%emt 0:02:11]} 16. dxc5 {[%emt 0:03:34]} Nxc5 {[%emt 0:00:08]} 17. Nxc5 {
[%emt 0:00:23]} Qxc5 {[%emt 0:00:04]} 18. Bd2 {[%emt 0:00:38]} Bd7 {
[%emt 0:04:34]} 19. Rc1 {[%emt 0:01:21]} Qb6 {[%emt 0:00:51]} 20. h5 {
[%emt 0:01:22]} Nb4 {[%emt 0:04:01]} 21. hxg6 {[%emt 0:05:37]} hxg6 {
[%emt 0:00:05]} 22. Qe1 {[%emt 0:02:15]} Rfc8 {[%emt 0:02:48]} 23. Qg3 {
[%emt 0:00:47]} Be8 {[%emt 0:02:30]} 24. Kh2 {[%emt 0:05:32]} Bf7 {
[%emt 0:04:26]} 25. Bc3 {[%emt 0:01:58]} Qd8 {[%emt 0:07:42]} 26. Rcd1 {
[%emt 0:05:23]} Qe7 {[%emt 0:01:15]} 27. Bf3 {[%emt 0:03:11]} Na2 {
[%emt 0:00:51]} 28. Be1 {[%emt 0:00:00]} f5 {[%emt 0:04:02]} 29. Rf2 {
[%emt 0:03:49]} Bf6 {[%emt 0:00:41]} 30. Rfd2 {[%emt 0:01:29]} Kg7 {
[%emt 0:00:11]} 31. Qf2 {[%emt 0:00:36]} g5 {[%emt 0:02:43]} 32. g3 {
[%emt 0:00:56]} g4 {[%emt 0:00:35]} 33. Bg2 {[%emt 0:01:05]} Rc5 {
[%emt 0:01:22]} 34. Rc2 {[%emt 0:03:08]} Nb4 {[%emt 0:00:29]} 35. Rxc5 {
[%emt 0:02:06]} Qxc5 {[%emt 0:00:02]} 36. Bc3 {[%emt 0:00:19]} Bxc3 {
[%emt 0:00:00]} 37. bxc3 {[%emt 0:03:01]} Na6 {[%emt 0:01:22]} 38. Qd2 {
[%emt 0:02:41]} Be8 {[%emt 0:00:42]} 39. c4 {[%emt 0:11:08]} Bc6 {
[%emt 0:00:33]} 40. Qc3+ {[%emt 0:01:29]} Kf7 {[%emt 0:00:29]} 41. cxd5 {
[%emt 0:02:26]} Bxd5 {[%emt 0:00:00]} 42. Bxd5 {[%emt 0:03:03]} exd5 {
[%emt 0:01:15]} 43. Qxc5 {[%emt 0:00:00]} Nxc5 {[%emt 0:00:05]} 44. Rxd5 {
[%emt 0:00:06]} Nxa4 {[%emt 0:00:25]} 45. Rxf5+ {[%emt 0:00:45]} Ke7 {
[%emt 0:02:26]} 46. Nd4 {[%emt 0:01:05]} Kd7 {[%emt 0:11:23]} 47. Rd5+ {
[%emt 0:04:23]} Kc7 {[%emt 0:01:31]} 48. Nb3 {[%emt 0:03:29]} Kb6 {
[%emt 0:01:29]} 49. f5 {[%emt 0:03:31]} Nc3 {[%emt 0:06:19]} 50. Rxa5 {
[%emt 0:00:49]} Re8 {[%emt 0:00:12]} 51. f6 {[%emt 0:01:51]} Rf8 {
[%emt 0:04:57]} 52. Rf5 {[%emt 0:02:14]} Ne4 {[%emt 0:00:35]} 53. f7 {
[%emt 0:01:05]} Nd6 {[%emt 0:00:30]} 54. Rf6 {[%emt 0:03:18]} Kc7 {
[%emt 0:00:45]} 55. Nd4 {[%emt 0:00:20]} Kd7 {[%emt 0:01:20]} 56. Nf5 {
[%emt 0:05:59]} Ne4 {[%emt 0:02:00]} 57. Rg6 {[%emt 0:00:59]} Rxf7 {
[%emt 0:10:06]} 58. Rxg4 {[%emt 0:00:12]} Nc3 {[%emt 0:00:44]} 59. Rd4+ {
[%emt 0:02:19]} Ke6 {[%emt 0:00:28]} 60. g4 {[%emt 0:00:38]} Ke5 {
[%emt 0:00:24]} 61. Kg2 {[%emt 0:00:29]} Ne4 {[%emt 0:03:00]} 62. Rxe4+ {
[%emt 0:00:32]} Kd5 {
Stephan,V (2358)-Bonn,T (2272) Avoine, France 2019 [%emt 0:00:48]} 1-0

[Event "34ème Open International d'Avoine"]
[Site "AVOINE"]
[Date "2019.07.20"]
[Round "5.5"]
[White "Demuth, Adrien"]
[Black "Ollier, Milan"]
[Result "1/2-1/2"]
[WhiteElo "2502"]
[BlackElo "2227"]
[PlyCount "51"]
[EventDate "2019.??.??"]
[WhiteTeam "Nice Alekhine"]
[BlackTeam "Echiquier Médocain"]

1. d4 {[%emt 0:00:05]} Nf6 {[%emt 0:00:00]} 2. c4 {[%emt 0:00:00]} g6 {
[%emt 0:00:00]} 3. f3 d5 4. cxd5 {[%emt 0:00:00]} Nxd5 {[%emt 0:00:00]} 5. e4 {
[%emt 0:00:00]} Nb6 {[%emt 0:00:00]} 6. Nc3 {[%emt 0:00:00]} Bg7 {
[%emt 0:00:00]} 7. Be3 {[%emt 0:00:00]} O-O {[%emt 0:00:00]} 8. Qd2 {
[%emt 0:00:00]} Nc6 {[%emt 0:00:00]} 9. O-O-O {[%emt 0:00:00]} f5 {
[%emt 0:03:41]} 10. e5 {[%emt 0:01:01]} Nb4 {[%emt 0:01:46]} 11. Nh3 {
[%emt 0:01:18]} Be6 {[%emt 0:09:12]} 12. Kb1 {[%emt 0:00:57]} N4d5 {
[%emt 0:03:03]} 13. Nf4 {[%emt 0:30:44]} Nxf4 {[%emt 0:00:00]} 14. Bxf4 {
[%emt 0:00:08]} Nd5 {[%emt 0:00:23]} 15. h4 {[%emt 0:12:07]} c5 {[%emt 0:09:53]
} 16. Nxd5 {[%emt 0:26:00]} Qxd5 {[%emt 0:02:05]} 17. b3 {[%emt 0:00:17]} b5 {
[%emt 0:07:05]} 18. dxc5 {[%emt 0:13:16]} Qxc5 {[%emt 0:01:00]} 19. Qd4 {
[%emt 0:00:21]} Rfc8 {[%emt 0:06:47]} 20. Qxc5 {[%emt 0:00:54]} Rxc5 {
[%emt 0:00:07]} 21. Bd3 {[%emt 0:00:21]} Kf7 {[%emt 0:09:45]} 22. Rhe1 {
[%emt 0:00:25]} Rd8 {[%emt 0:02:07]} 23. Bc2 {[%emt 0:05:04]} Rxd1+ {
[%emt 0:00:00]} 24. Bxd1 {[%emt 0:00:14]} a6 {[%emt 0:01:04]} 25. Re2 {
[%emt 0:03:00]} Bd5 {[%emt 0:04:09]} 26. Bc2 {1/2-1/2 (26) Demuth,A (2502)
-Ollier,M (2227) Avoine, France 2019 [%emt 0:01:43]} 1/2-1/2

[Event "34ème Open International d'Avoine"]
[Site "AVOINE"]
[Date "2019.07.20"]
[Round "5.6"]
[White "Bressy, Theo"]
[Black "Bailet, Pierre"]
[Result "1/2-1/2"]
[WhiteElo "2182"]
[BlackElo "2494"]
[PlyCount "111"]
[EventDate "2019.??.??"]
[WhiteTeam "Echiquier Piscénois - Pézénas"]
[BlackTeam "Vandoeuvre-Echecs"]

1. e4 {[%emt 0:00:03]} e5 {[%emt 0:00:00]} 2. Nf3 {[%emt 0:00:00]} Nc6 {
[%emt 0:00:00]} 3. d4 {[%emt 0:00:00]} exd4 {[%emt 0:00:00]} 4. Bc4 {
[%emt 0:00:00]} Nf6 {[%emt 0:00:00]} 5. O-O {[%emt 0:00:00]} Nxe4 {
[%emt 0:00:00]} 6. Re1 {[%emt 0:00:00]} d5 {[%emt 0:00:00]} 7. Bxd5 {
[%emt 0:00:00]} Qxd5 {[%emt 0:00:00]} 8. Nc3 {[%emt 0:00:00]} Qa5 {
[%emt 0:00:00]} 9. Nxe4 {[%emt 0:00:00]} Be6 {[%emt 0:00:00]} 10. Neg5 {
[%emt 0:00:00]} O-O-O {[%emt 0:00:00]} 11. Nxe6 {[%emt 0:00:00]} fxe6 {
[%emt 0:00:00]} 12. Rxe6 {[%emt 0:00:00]} Bd6 {[%emt 0:00:00]} 13. Bg5 {
[%emt 0:00:00]} Rde8 {[%emt 0:00:00]} 14. Qe2 {[%emt 0:00:00]} Kd7 {
[%emt 0:00:00]} 15. Rxe8 {[%emt 0:00:00]} Rxe8 {[%emt 0:00:00]} 16. Qd3 {
[%emt 0:00:00]} h6 {[%emt 0:00:00]} 17. Bd2 {[%emt 0:00:00]} Qd5 {
[%emt 0:00:00]} 18. c3 {[%emt 0:00:00]} Re4 {[%emt 0:07:43]} 19. Rd1 {
[%emt 0:00:02]} Re7 {[%emt 0:44:46]} 20. Bc1 {[%emt 0:33:09]} Qxa2 {
[%emt 0:13:52]} 21. Nxd4 {[%emt 0:00:39]} Nxd4 {[%emt 0:01:14]} 22. Qxd4 {
[%emt 0:00:06]} Qe6 {[%emt 0:00:00]} 23. g3 {[%emt 0:00:39]} a6 {[%emt 0:03:37]
} 24. Bf4 {[%emt 0:03:04]} Qe4 {[%emt 0:01:30]} 25. f3 {[%emt 0:15:23]} Qxd4+ {
[%emt 0:02:26]} 26. Rxd4 {[%emt 0:01:23]} Re2 {[%emt 0:00:42]} 27. Rd2 {
[%emt 0:00:13]} Rxd2 {[%emt 0:01:00]} 28. Bxd2 {[%emt 0:00:05]} Kc6 {
[%emt 0:00:22]} 29. Kf2 {[%emt 0:02:23]} Kd5 {[%emt 0:00:12]} 30. b3 {
[%emt 0:00:08]} b5 {[%emt 0:00:29]} 31. Ke3 {[%emt 0:01:12]} c5 {[%emt 0:01:43]
} 32. Kd3 {[%emt 0:00:03]} c4+ {[%emt 0:00:00]} 33. bxc4+ {[%emt 0:00:03]}
bxc4+ {[%emt 0:00:07]} 34. Kc2 {[%emt 0:00:04]} h5 {[%emt 0:01:32]} 35. Be1 {
[%emt 0:07:45]} h4 {[%emt 0:04:04]} 36. gxh4 {[%emt 0:01:02]} Bxh2 {
[%emt 0:00:06]} 37. h5 {[%emt 0:07:16]} Ke5 {[%emt 0:00:00]} 38. Bf2 {
[%emt 0:01:18]} Ke6 {[%emt 0:04:08]} 39. Be3 {[%emt 0:02:49]} Kf7 {
[%emt 0:03:00]} 40. Bc5 {[%emt 0:06:37]} Bf4 {[%emt 0:06:55]} 41. Kb2 {
[%emt 0:00:47]} Be5 {[%emt 0:03:55]} 42. f4 {[%emt 0:24:02]} Bxf4 {
[%emt 0:01:30]} 43. Ka3 {[%emt 0:00:04]} Ke6 {[%emt 0:00:17]} 44. Kb4 {
[%emt 0:00:08]} Kd5 {[%emt 0:03:52]} 45. Bd4 {[%emt 0:02:37]} Be5 {
[%emt 0:01:48]} 46. Bxe5 {[%emt 0:00:05]} Kxe5 {[%emt 0:00:02]} 47. Kxc4 {
[%emt 0:00:06]} Ke4 {[%emt 0:14:46]} 48. Kc5 {[%emt 0:03:30]} Kd3 {
[%emt 0:00:08]} 49. Kb4 {[%emt 0:01:18]} a5+ {[%emt 0:00:47]} 50. Kxa5 {
[%emt 0:00:04]} Kxc3 {[%emt 0:00:02]} 51. Kb5 {[%emt 0:00:05]} Kd4 {
[%emt 0:00:07]} 52. Kc6 {[%emt 0:00:04]} Ke5 {[%emt 0:00:03]} 53. Kd7 {
[%emt 0:00:10]} Kf6 {[%emt 0:00:03]} 54. Ke8 {[%emt 0:00:07]} Kg5 {
[%emt 0:00:04]} 55. Kf7 {[%emt 0:00:03]} Kxh5 {[%emt 0:00:19]} 56. Kxg7 {
1/2-1/2 (56) Bressy,T (2182)-Bailet,P (2494) Avoine, France 2019 [%emt 0:00:04]
} 1/2-1/2

[Event "34ème Open International d'Avoine"]
[Site "AVOINE"]
[Date "2019.07.24"]
[Round "5.7"]
[White "Burri, Quentin"]
[Black "David, Alexandre"]
[Result "1-0"]
[WhiteElo "2422"]
[BlackElo "2091"]
[PlyCount "49"]
[EventDate "2019.??.??"]

1. e4 Nc6 2. Nf3 d5 3. exd5 Qxd5 4. Nc3 Qa5 5. Bb5 Bd7 6. O-O O-O-O 7. Qe2 a6
8. Bxc6 Bxc6 9. Ne5 Be8 10. d3 e6 11. a3 Bd6 12. Nc4 Qf5 13. Ne4 Nf6 14. Nexd6+
cxd6 15. b4 Nd5 16. Bd2 Nf4 17. Bxf4 Qxf4 18. Rfb1 Bc6 19. a4 Qg5 20. f3 Kd7
21. b5 axb5 22. axb5 Qc5+ 23. Ne3 Bxb5 24. Ra5 Bxd3 25. Qd2 1-0

[Event "34ème Open International d'Avoine"]
[Site "AVOINE"]
[Date "2019.07.20"]
[Round "5.8"]
[White "Haub, Thorsten Michael"]
[Black "Dupont, Arthur"]
[Result "1-0"]
[WhiteElo "2404"]
[BlackElo "1985"]
[PlyCount "93"]
[EventDate "2019.??.??"]
[WhiteTeam "L'Echiquier Dieppois"]
[BlackTeam "La Tour Basilienne"]

1. Nf3 {[%emt 0:00:00]} g6 {[%emt 0:00:00]} 2. g3 {[%emt 0:00:00]} Bg7 {
[%emt 0:00:00]} 3. Bg2 {[%emt 0:00:00]} Nf6 {[%emt 0:00:00]} 4. d3 {
[%emt 0:00:00]} d5 {[%emt 0:00:00]} 5. Nbd2 {[%emt 0:00:00]} O-O {
[%emt 0:00:00]} 6. e4 {[%emt 0:00:00]} dxe4 {[%emt 0:00:00]} 7. dxe4 {
[%emt 0:00:00]} c6 {[%emt 0:00:00]} 8. O-O {[%emt 0:00:00]} Na6 {[%emt 0:00:00]
} 9. Qe2 {[%emt 0:00:00]} Bg4 {[%emt 0:00:00]} 10. h3 {[%emt 0:00:00]} Bxf3 {
[%emt 0:00:00]} 11. Nxf3 {[%emt 0:00:00]} e6 {[%emt 0:01:29]} 12. Rd1 {
[%emt 0:10:25]} Qe7 {[%emt 0:00:59]} 13. e5 {[%emt 0:00:33]} Nd5 {
[%emt 0:01:10]} 14. h4 {[%emt 0:06:05]} Nc5 {[%emt 0:07:00]} 15. c4 {
[%emt 0:01:47]} Nb6 {[%emt 0:03:05]} 16. b3 {[%emt 0:01:32]} Qc7 {
[%emt 0:07:20]} 17. Bg5 {[%emt 0:02:36]} Rfe8 {[%emt 0:15:57]} 18. Rd2 {
[%emt 0:07:38]} Ncd7 {[%emt 0:07:19]} 19. Bf4 {[%emt 0:01:30]} Rad8 {
[%emt 0:04:47]} 20. Rad1 {[%emt 0:00:39]} Nf8 {[%emt 0:02:01]} 21. h5 {
[%emt 0:12:22]} Rxd2 {[%emt 0:01:13]} 22. Rxd2 {[%emt 0:00:15]} Rd8 {
[%emt 0:01:43]} 23. h6 {[%emt 0:00:00]} Bh8 {[%emt 0:00:25]} 24. g4 {
[%emt 0:04:03]} Rxd2 {[%emt 0:02:24]} 25. Qxd2 {[%emt 0:00:35]} Nbd7 {
[%emt 0:02:02]} 26. Qe3 {[%emt 0:05:21]} g5 {[%emt 0:05:24]} 27. Bg3 {
[%emt 0:01:39]} Ng6 {[%emt 0:05:20]} 28. Qxa7 {[%emt 0:08:00]} Ndxe5 {
[%emt 0:05:09]} 29. Qa8+ {[%emt 0:01:15]} Nf8 {[%emt 0:00:10]} 30. Nxg5 {
[%emt 0:05:57]} Qd7 {[%emt 0:01:09]} 31. Bf3 {[%emt 0:08:30]} Qd2 {
[%emt 0:06:17]} 32. Bxe5 {[%emt 0:00:35]} Bxe5 {[%emt 0:00:21]} 33. Nxh7 {
[%emt 0:01:00]} Kxh7 {[%emt 0:02:56]} 34. Qxf8 {[%emt 0:00:08]} Qf4 {
[%emt 0:01:22]} 35. Kg2 {[%emt 0:01:12]} Qh2+ {[%emt 0:03:28]} 36. Kf1 {
[%emt 0:00:07]} Qf4 {[%emt 0:00:09]} 37. Ke2 {[%emt 0:00:46]} Bd4 {
[%emt 0:04:25]} 38. Kd3 {[%emt 0:11:10]} Qxf3+ {[%emt 0:03:27]} 39. Kxd4 {
[%emt 0:00:08]} Qxf2+ {[%emt 0:05:51]} 40. Ke5 {[%emt 0:00:36]} Qb2+ {
[%emt 0:01:58]} 41. Kd6 {[%emt 0:00:16]} Qf6 {[%emt 0:06:48]} 42. g5 {
[%emt 0:03:18]} Qg6 {[%emt 0:02:38]} 43. Qe7 {[%emt 0:08:09]} b5 {
[%emt 0:16:38]} 44. c5 {[%emt 0:00:49]} b4 {[%emt 0:04:51]} 45. Kxc6 {
[%emt 0:00:48]} Qe4+ {[%emt 0:00:48]} 46. Kb6 {[%emt 0:00:17]} Qf4 {
[%emt 0:00:00]} 47. Qf8 {
1-0 (47) Haub,T (2404)-Dupont,A (1985) Avoine, France 2019 [%emt 0:01:10]} 1-0

[Event "34ème Open International d'Avoine"]
[Site "AVOINE"]
[Date "2019.07.20"]
[Round "5.9"]
[White "Lamaze, Simon"]
[Black "Travadon, Loic"]
[Result "0-1"]
[WhiteElo "2008"]
[BlackElo "2403"]
[PlyCount "68"]
[EventDate "2019.??.??"]
[WhiteTeam "Echiquier Club Le Mans"]
[BlackTeam "Cergy Pontoise Echecs"]

1. d4 {[%emt 0:00:00]} Nf6 {[%emt 0:00:00]} 2. Nf3 {[%emt 0:00:00]} c5 {
[%emt 0:00:00]} 3. d5 {[%emt 0:00:00]} e6 {[%emt 0:00:00]} 4. c4 {
[%emt 0:00:00]} exd5 {[%emt 0:00:00]} 5. cxd5 {[%emt 0:00:00]} d6 {
[%emt 0:00:00]} 6. g3 {[%emt 0:00:00]} g6 {[%emt 0:00:00]} 7. Bg2 {
[%emt 0:00:00]} Bg7 {[%emt 0:00:00]} 8. Nc3 {[%emt 0:00:05]} O-O {
[%emt 0:00:06]} 9. O-O {[%emt 0:00:07]} Re8 {[%emt 0:01:33]} 10. Nd2 {
[%emt 0:03:27]} Nbd7 {[%emt 0:03:01]} 11. Re1 {[%emt 0:03:03]} Ne5 {
[%emt 0:00:22]} 12. h3 {[%emt 0:09:30]} Qe7 {[%emt 0:00:02]} 13. f4 {
[%emt 0:02:36]} Nd3 {[%emt 0:00:41]} 14. Rf1 {[%emt 0:04:05]} Nxc1 {
[%emt 0:02:36]} 15. Rxc1 {[%emt 0:02:13]} b5 {[%emt 0:04:20]} 16. Nxb5 {
[%emt 0:04:00]} Rb8 {[%emt 0:03:49]} 17. a4 {[%emt 0:00:54]} a6 {[%emt 0:00:33]
} 18. Nc3 {[%emt 0:00:14]} Rxb2 {[%emt 0:00:56]} 19. Nc4 {[%emt 0:00:25]} Rb4 {
[%emt 0:00:00]} 20. Qd3 {[%emt 0:02:25]} Bf5 {[%emt 0:03:29]} 21. e4 {
[%emt 0:00:53]} Bxe4 {[%emt 0:00:27]} 22. Nxe4 {[%emt 0:01:24]} Nxe4 {
[%emt 0:00:01]} 23. Rfe1 {[%emt 0:05:39]} f5 {[%emt 0:00:13]} 24. Re2 {
[%emt 0:03:18]} Rxa4 {[%emt 0:02:00]} 25. Rce1 {[%emt 0:00:52]} Ra1 {
[%emt 0:00:24]} 26. Rxa1 {[%emt 0:01:16]} Bxa1 {[%emt 0:00:03]} 27. Qa3 {
[%emt 0:01:33]} Bd4+ {[%emt 0:01:23]} 28. Kh2 {[%emt 0:00:17]} Qb7 {
[%emt 0:10:45]} 29. Qa4 {[%emt 0:01:53]} Qb5 30. Qc2 {[%emt 0:04:53]} Nc3 {
[%emt 0:00:00]} 31. Rxe8+ {[%emt 0:00:00]} Qxe8 32. Nxd6 {[%emt 0:00:19]} Qe1 {
[%emt 0:00:14]} 33. h4 {[%emt 0:00:08]} Qg1+ {[%emt 0:01:00]} 34. Kh3 {
[%emt 0:00:15]} Nd1 {
0-1 (34) Lamaze,S (2008) -Travadon,L (2403) Avoine, France 2019 [%emt 0:00:12]}
0-1